[Event "Titled Tuesday intern op 26th Sep Late"]
[Site "Chess.com INT"]
[Date "2023.09.26"]
[Round "8"]
[White "Villabrille, Roberto"]
[Black "Korchagina, Alena"]
[Result "1-0"]
[WhiteElo "2140"]
[BlackElo "2076"]
[PlyCount "159"]
[EventDate "2023.09.26"]
[EventType "swiss (blitz)"]
[EventRounds "11"]
[EventCountry "USA"]
[SourceTitle "EXT 2024"]
[Source "ChessBase"]
[SourceDate "2023.10.10"]
[SourceVersion "1"]
[SourceVersionDate "2023.10.10"]
[SourceQuality "1"]

1. d4 d5 2. Nf3 Nf6 3. Bf4 e6 4. e3 c5 5. c3 Nc6 6. Nbd2 Bd6 7. Ne5 0-0 8. Ndf3 Qc7 9. Be2 b6 10. h3 Ne4 11. 0-0 f6 12. Nxc6 Qxc6 13. Bxd6 Qxd6 14. Nd2 Ng5 15. Nf3 Nf7 16. Qc2 Bb7 17. Bd3 f5 18. Rac1 c4 19. Be2 b5 20. b3 Bc6 21. b4 a5 22. a3 axb4 23. axb4 Ra3 24. Ra1 Rfa8 25. Qb2 R3a7 26. Rxa7 Rxa7 27. Ra1 Qb8 28. Rxa7 Qxa7 29. Bd1 Qa6 30. Bc2 h6 31. Nd2 Nd6 32. f4 Ne4 33. Nxe4 fxe4 34. Bb1 Be8 35. Qa2 Qxa2 36. Bxa2 Kf7 37. g3 Kf6 38. h4 g5 39. hxg5+ hxg5 40. Kf2 Kf5 41. Bb1 Kg4 42. Bc2 Bf7 43. Bd1+ Kf5 44. Be2 Bg6 45. Bd1 Bf7 46. Be2 Kg6 47. Bd1 Kh6 48. Bg4 Kg6 49. Bd1 Kf6 50. Bg4 Bg6 51. Bd1 Bf5 52. Be2 Bh7 53. Bg4 Bf5 54. Bh5 Bh7 55. Be8 gxf4 56. gxf4 Ke7 57. Bxb5 Kd6 58. Ba4 Bf5 59. Kg3 Kc7 60. Kh4 Kd6 61. Kg5 Bh3 62. Kf6 Bf5 63. Be8 Bg4 64. b5 Bf3 65. b6 Bg4 66. Bf7 Kc6 67. Bxe6 Be2 68. b7 Kxb7 69. Bxd5+ Kc7 70. Bxe4 Kd6 71. f5 Bg4 72. Kg6 Ke7 73. f6+ Kf8 74. Bd5 Be2 75. e4 Bd3 76. Kg5 Ke8 77. e5 Kf8 78. e6 Be2 79. Bc6 Bh5 80. Kxh5 1-0

[Event "Titled Tuesday intern op 04th May"]
[Site "Chess.com INT"]
[Date "2021.05.04"]
[Round "4"]
[White "Gedgafov, Chamal"]
[Black "Korchagina, Alena"]
[Result "1-0"]
[WhiteElo "2154"]
[BlackElo "2139"]
[PlyCount "89"]
[EventDate "2021.05.04"]
[EventType "swiss (blitz)"]
[EventRounds "11"]
[EventCountry "USA"]
[SourceTitle "CBM 202 Extra"]
[Source "ChessBase"]
[SourceDate "2021.07.31"]
[SourceVersion "1"]
[SourceVersionDate "2021.07.31"]
[SourceQuality "1"]

1. d4 d5 2. c4 dxc4 3. Nf3 a6 4. a4 Nf6 5. Nc3 c5 6. d5 e6 7. e4 exd5 8. exd5 Bd6 9. Bxc4 0-0 10. 0-0 Bg4 11. h3 Bh5 12. Bg5 Nbd7 13. Ne4 Be5 14. g4 Bg6 15. Nxf6+ Bxf6 16. Bf4 Re8 17. Qd2 Ne5 18. Nxe5 Bxe5 19. Rfe1 Qf6 20. Bxe5 Rxe5 21. Rxe5 Qxe5 22. Re1 Qd6 23. Qe3 h5 24. a5 hxg4 25. hxg4 Qd7 26. f3 Qa4 27. b3 Qxa5 28. Rd1 Qd8 29. d6 Qh4 30. Kg2 Qf6 31. Qxc5 Qb2+ 32. Kg3 Re8 33. d7 Rd8 34. Qe7 Qf6 35. Qc5 b6 36. Qc7 Qe7 37. Rd4 b5 38. Bf1 f5 39. Qd6 Qxd6+ 40. Rxd6 Kf7 41. Rxa6 Rxd7 42. Bxb5 Rb7 43. Bc4+ Ke7 44. Rxg6 fxg4 45. Rxg7+ 1-0

[Event "Titled Tuesday intern op 04th May"]
[Site "Chess.com INT"]
[Date "2021.05.04"]
[Round "2"]
[White "Korchagina, Alena"]
[Black "Silva, Kaua Marques"]
[Result "0-1"]
[WhiteElo "2139"]
[BlackElo "2160"]
[PlyCount "66"]
[EventDate "2021.05.04"]
[EventType "swiss (blitz)"]
[EventRounds "11"]
[EventCountry "USA"]
[SourceTitle "CBM 202 Extra"]
[Source "ChessBase"]
[SourceDate "2021.07.31"]
[SourceVersion "1"]
[SourceVersionDate "2021.07.31"]
[SourceQuality "1"]

1. Nf3 c5 2. c4 Nc6 3. Nc3 e5 4. d3 g6 5. g3 Bg7 6. Bg2 d6 7. 0-0 Nge7 8. e4 0-0 9. Ne1 f5 10. Nc2 f4 11. f3 g5 12. g4 Ng6 13. Rb1 a5 14. b3 Nh4 15. a3 h5 16. h3 Be6 17. Nd5 Ne7 18. b4 Nxd5 19. exd5 Bd7 20. bxc5 dxc5 21. Bd2 b6 22. Bc3 Ba4 23. Qe2 Re8 24. Rfe1 Qd6 25. Rb2 b5 26. Qe4 b4 27. axb4 axb4 28. Bd2 Bxc2 29. Rxc2 Ra3 30. gxh5 b3 31. Rb2 Rb8 32. Bc3 Ra2 33. Reb1 Bf6 0-1

[Event "RUS-ch U21 Girls"]
[Site "Moscow"]
[Date "2020.12.13"]
[Round "6"]
[White "Shafigullina, Zarina"]
[Black "Korchagina, Alena"]
[Result "1-0"]
[WhiteElo "2296"]
[BlackElo "2161"]
[PlyCount "79"]
[EventDate "2020.12.08"]
[EventType "tourn"]
[EventRounds "9"]
[EventCountry "RUS"]
[SourceTitle "CBM 199 Extra"]
[Source "ChessBase"]
[SourceDate "2021.01.31"]
[SourceVersion "1"]
[SourceVersionDate "2021.01.31"]
[SourceQuality "1"]

1. Nf3 c5 2. c4 Nf6 3. g3 b6 4. Bg2 Bb7 5. Nc3 e6 6. d4 cxd4 7. Qxd4 d6 8. Bg5 Be7 9. Rd1 0-0 10. 0-0 Nbd7 11. e4 a6 12. Rfe1 Qc7 13. Rc1 h6 14. Bd2 Rac8 15. b3 Qb8 16. Qd3 Ne5 17. Qe2 Nfd7 18. Nd4 Nc5 19. Rc2 Bf6 20. Be3 Qa8 21. f3 Ned3 22. Rd1 Nb4 23. Rcc1 Rfd8 24. Bf2 Nc6 25. f4 Nxd4 26. Bxd4 Bxd4+ 27. Rxd4 e5 28. Rdd1 Ne6 29. Nd5 Bxd5 30. exd5 Nd4 31. Qh5 g6 32. Qxh6 Ne2+ 33. Kh1 Nxc1 34. f5 gxf5 35. Rf1 f4 36. Be4 Rc7 37. gxf4 Ne2 38. Bh7+ Kh8 39. Bd3+ Kg8 40. Bxe2 1-0

[Event "RUS-ch U21 Girls"]
[Site "Moscow"]
[Date "2020.12.12"]
[Round "5"]
[White "Korchagina, Alena"]
[Black "Dimitrova, Aleksandra"]
[Result "1/2-1/2"]
[WhiteElo "2161"]
[BlackElo "2193"]
[PlyCount "66"]
[EventDate "2020.12.08"]
[EventType "tourn"]
[EventRounds "9"]
[EventCountry "RUS"]
[SourceTitle "CBM 199 Extra"]
[Source "ChessBase"]
[SourceDate "2021.01.31"]
[SourceVersion "1"]
[SourceVersionDate "2021.01.31"]
[SourceQuality "1"]

1. Nf3 Nf6 2. c4 e6 3. Nc3 Bb4 4. Qc2 0-0 5. a3 Bxc3 6. Qxc3 a5 7. b4 d6 8. Bb2 e5 9. d3 axb4 10. axb4 Rxa1+ 11. Bxa1 b5 12. e3 Bb7 13. Be2 bxc4 14. dxc4 Nbd7 15. 0-0 c5 16. Rd1 Ne4 17. Qb2 Qf6 18. b5 g5 19. Bd3 g4 20. Bxe4 Bxe4 21. Nd2 Bb7 22. Qc2 Nb6 23. Bb2 Qe6 24. Ra1 f5 25. Ra7 Rf7 26. Qc3 f4 27. exf4 Nc8 28. Rxb7 Rxb7 29. fxe5 Qxe5 30. Qc1 Qf5 31. Qc3 Qe5 32. Qc1 Qf5 33. Qc3 Qe5 1/2-1/2

[Event "RUS-ch U20 Girls"]
[Site "Loo"]
[Date "2019.04.28"]
[Round "9"]
[White "Tishova, Svetlana"]
[Black "Korchagina, Alena"]
[Result "0-1"]
[WhiteElo "2093"]
[BlackElo "2167"]
[PlyCount "168"]
[EventDate "2019.04.20"]
[EventType "tourn"]
[EventRounds "9"]
[EventCountry "RUS"]
[SourceTitle "CBM 190 Extra"]
[Source "ChessBase"]
[SourceDate "2019.07.15"]
[SourceVersion "1"]
[SourceVersionDate "2019.07.15"]
[SourceQuality "1"]

1. e4 e5 2. Nf3 Nc6 3. Bb5 a6 4. Bxc6 dxc6 5. 0-0 f6 6. d4 exd4 7. Nxd4 c5 8. Ne2 Qxd1 9. Rxd1 Bd6 10. Nbc3 Ne7 11. Bf4 Bxf4 12. Nxf4 Bd7 13. f3 0-0-0 14. Ncd5 Nc6 15. Ne3 Rde8 16. Kf2 Re7 17. Nfd5 Rf7 18. Rd2 g5 19. Rad1 Be6 20. Rh1 Ne5 21. h4 h5 22. g3 b5 23. Nc3 g4 24. f4 Nf3 25. Re2 Bd7 26. Ned5 b4 27. Nb1 Bb5 28. Re3 c6 29. c4 cxd5 30. cxb5 d4 31. Rb3 a5 32. Rc1 Rc7 33. Rc4 Kb7 34. a4 Re8 35. Rxf3 gxf3 36. Nd2 Kb6 37. Kxf3 Rce7 38. Rc1 Ra8 39. Ke2 Rg7 40. Nf1 Rc8 41. Rc4 Rcg8 42. Kf3 Rd7 43. Ke2 Rgd8 44. Kd3 Re7 45. Rc1 Rg7 46. Rc2 Rdg8 47. Kc4 Re8 48. Kd3 b3 49. Re2 Rd8 50. Rg2 Rdg8 51. Kc4 Rg4 52. Re2 Rc8 53. Rd2 Re8 54. Re2 Rg7 55. Kxb3 d3 56. Re3 Rd7 57. Nd2 Rd4 58. Nc4+ Kc7 59. Kc3 Red8 60. Re1 Rg8 61. Re3 Rgd8 62. Nd2 Rxa4 63. Rxd3 Rxd3+ 64. Kxd3 Rb4 65. Nc4 Rb3+ 66. Ke2 Rxg3 67. Ne3 Kd7 68. Kf2 Rg8 69. Nd5 Ke6 70. Nc7+ Kd6 71. b6 Rb8 72. Nd5 f5 73. Ne3 fxe4 74. b3 Ke6 75. Nc4 Kd5 76. f5 Kd4 77. b7 Rxb7 78. Nxa5 Rf7 79. Ke2 Rxf5 80. Nc6+ Kd5 81. Ne7+ Ke6 82. Nxf5 Kxf5 83. Ke3 Ke5 84. Ke2 Kd4 0-1

[Event "RUS-ch U20 Girls"]
[Site "Loo"]
[Date "2019.04.26"]
[Round "7"]
[White "Potapova, Margarita"]
[Black "Korchagina, Alena"]
[Result "1-0"]
[WhiteElo "2278"]
[BlackElo "2167"]
[PlyCount "131"]
[EventDate "2019.04.20"]
[EventType "tourn"]
[EventRounds "9"]
[EventCountry "RUS"]
[SourceTitle "CBM 190 Extra"]
[Source "ChessBase"]
[SourceDate "2019.07.15"]
[SourceVersion "1"]
[SourceVersionDate "2019.07.15"]
[SourceQuality "1"]

1. d4 Nf6 2. c4 c5 3. d5 b5 4. cxb5 a6 5. bxa6 g6 6. Nc3 Bg7 7. e4 0-0 8. a7 Rxa7 9. Nf3 d6 10. Be2 Nbd7 11. 0-0 Ba6 12. a4 Qb6 13. Re1 Ne8 14. Nb5 Ra8 15. Bg5 f6 16. Bd2 Nc7 17. a5 Qb7 18. Nxc7 Qxc7 19. Bc3 Bh6 20. h4 Ne5 21. h5 Nxf3+ 22. Bxf3 Bf4 23. Bg4 Bc8 24. Ra3 Bd7 25. Qe2 Kg7 26. Rea1 Be5 27. Bxe5 fxe5 28. a6 Bxg4 29. Qxg4 c4 30. Qe2 Qb6 31. a7 Qd4 32. Rd1 Qb6 33. Rda1 Qd4 34. Ra4 Rfc8 35. R1a3 Qb6 36. Ra6 Qb7 37. Qg4 Rf8 38. Qe2 Rfc8 39. Kh2 Rf8 40. R3a4 Rf4 41. g3 Rff8 42. Kg2 Rfc8 43. Ra3 Rc7 44. Ra2 Qc8 45. Qe3 Rb7 46. R6a3 Qd7 47. f3 Qc7 48. f4 Rb3 49. Rxb3 cxb3 50. Qxb3 Rxa7 51. Rxa7 Qxa7 52. Qc3 Qb8 53. hxg6 hxg6 54. Kf3 Kf7 55. fxe5 dxe5 56. b4 Qb5 57. Kf2 g5 58. Ke3 Qb6+ 59. Kf3 Qf6+ 60. Kg4 Qd6 61. Qc6 Qxb4 62. Qe6+ Kf8 63. Qxe5 Qb6 64. Kxg5 Qb1 65. Kg6 Ke8 66. d6 1-0

[Event "RUS-ch U20 Girls"]
[Site "Loo"]
[Date "2019.04.25"]
[Round "6"]
[White "Korchagina, Alena"]
[Black "Shvedova, Alexandra"]
[Result "1-0"]
[WhiteElo "2167"]
[BlackElo "1895"]
[PlyCount "73"]
[EventDate "2019.04.20"]
[EventType "tourn"]
[EventRounds "9"]
[EventCountry "RUS"]
[SourceTitle "CBM 190 Extra"]
[Source "ChessBase"]
[SourceDate "2019.07.15"]
[SourceVersion "1"]
[SourceVersionDate "2019.07.15"]
[SourceQuality "1"]

1. d4 d5 2. c4 e6 3. Nf3 Nf6 4. Bg5 Be7 5. e3 0-0 6. Nc3 Nbd7 7. Qc2 h6 8. Bh4 dxc4 9. Bxc4 a6 10. a4 c5 11. 0-0 b6 12. Rfd1 Qc7 13. d5 e5 14. Ne4 Bb7 15. Ba2 Rfe8 16. Bxf6 Bxf6 17. Bb1 g6 18. Ba2 Bg7 19. h4 Qb8 20. h5 Kh8 21. hxg6 fxg6 22. Nh4 Nf8 23. d6 Qd8 24. d7 Qxh4 25. dxe8Q Rxe8 26. Qc4 Re6 27. Nd6 Qxc4 28. Bxc4 Re7 29. Nxb7 Rxb7 30. Bxa6 Ra7 31. Bb5 Ne6 32. Rd6 Nc7 33. Rxb6 Bf8 34. Rd1 g5 35. Rb8 Kg7 36. Rd7+ Kg8 37. Bc4+ 1-0

[Event "RUS-ch U20 Girls"]
[Site "Loo"]
[Date "2019.04.22"]
[Round "3"]
[White "Lysenko, Margarita"]
[Black "Korchagina, Alena"]
[Result "1/2-1/2"]
[WhiteElo "2211"]
[BlackElo "2167"]
[PlyCount "68"]
[EventDate "2019.04.20"]
[EventType "tourn"]
[EventRounds "9"]
[EventCountry "RUS"]
[SourceTitle "CBM 190 Extra"]
[Source "ChessBase"]
[SourceDate "2019.07.15"]
[SourceVersion "1"]
[SourceVersionDate "2019.07.15"]
[SourceQuality "1"]

1. Nf3 g6 2. g3 Bg7 3. d4 c5 4. dxc5 Na6 5. Bg2 Nxc5 6. 0-0 d6 7. c3 Nf6 8. h3 Bd7 9. Nd4 Qc8 10. Kh2 0-0 11. a4 a6 12. Nd2 e5 13. N4f3 Ne6 14. Nb3 Qc7 15. a5 Bc6 16. Be3 Nd5 17. Bd2 Ne7 18. Be3 f5 19. Bb6 Qd7 20. Nbd2 f4 21. Nc4 e4 22. Nd4 d5 23. Nxe6 Qxe6 24. Nd2 e3 25. Nf3 exf2 26. g4 Nc8 27. Bxf2 Nd6 28. Bc5 Rfe8 29. Nd4 Qe5 30. Nf3 Qe6 31. Ng5 Qe5 32. Nf3 Qe6 33. Ng5 Qe5 34. Nf3 Qe6 1/2-1/2

[Event "RUS-ch U20 Girls"]
[Site "Loo"]
[Date "2019.04.21"]
[Round "2"]
[White "Korchagina, Alena"]
[Black "Borisova, Ekaterina"]
[Result "1/2-1/2"]
[WhiteElo "2167"]
[BlackElo "2255"]
[PlyCount "80"]
[EventDate "2019.04.20"]
[EventType "tourn"]
[EventRounds "9"]
[EventCountry "RUS"]
[SourceTitle "CBM 190 Extra"]
[Source "ChessBase"]
[SourceDate "2019.07.15"]
[SourceVersion "1"]
[SourceVersionDate "2019.07.15"]
[SourceQuality "1"]

1. d4 d5 2. c4 e6 3. Nf3 Nf6 4. Nc3 c6 5. cxd5 exd5 6. Bg5 Bf5 7. e3 Nbd7 8. Bd3 Bxd3 9. Qxd3 Bd6 10. 0-0 0-0 11. e4 dxe4 12. Nxe4 Be7 13. Rfe1 Nxe4 14. Bxe7 Qxe7 15. Rxe4 Qd6 16. Ne5 Nxe5 17. Rxe5 Rad8 18. Rae1 Qb4 19. Qc3 Rxd4 20. Re7 Rf4 21. g3 Rc4 22. Rxb7 Qxb7 23. Qxc4 Qxb2 24. Re7 Qb6 25. Rd7 c5 26. a4 g6 27. h4 Qb4 28. Qxb4 cxb4 29. a5 Rb8 30. a6 Rb6 31. Rxa7 b3 32. Rb7 Rxa6 33. Rxb3 h5 34. Kg2 Kg7 35. Rb5 Ra7 36. Kf3 Rc7 37. Ra5 Rc3+ 38. Kg2 Rc2 39. Kf3 Rc3+ 40. Kg2 Rb3 1/2-1/2

[Event "RUS-ch U20 Girls"]
[Site "Loo"]
[Date "2019.04.20"]
[Round "1"]
[White "Khokhlova, Daria"]
[Black "Korchagina, Alena"]
[Result "1/2-1/2"]
[WhiteElo "2237"]
[BlackElo "2167"]
[PlyCount "83"]
[EventDate "2019.04.20"]
[EventType "tourn"]
[EventRounds "9"]
[EventCountry "RUS"]
[SourceTitle "CBM 190 Extra"]
[Source "ChessBase"]
[SourceDate "2019.07.15"]
[SourceVersion "1"]
[SourceVersionDate "2019.07.15"]
[SourceQuality "1"]

1. d4 d5 2. c4 dxc4 3. e4 b5 4. a4 c6 5. axb5 cxb5 6. Nc3 a6 7. Nxb5 axb5 8. Rxa8 Bb7 9. Ra1 e6 10. f3 f5 11. exf5 Ne7 12. fxe6 Nf5 13. Ne2 Nc6 14. Kf2 Bc5 15. Be3 Nxe3 16. Kxe3 Bb6 17. g3 Qd5 18. Bg2 Nb4 19. Ra3 Qxe6+ 20. Kf2 0-0 21. Re1 Qf5 22. Kg1 Nd3 23. Rf1 Nxb2 24. Qb1 Nd3 25. g4 Qe5 26. Rxd3 Qxe2 27. Rdd1 Qe3+ 28. Kh1 Bxf3 29. Bxf3 Rxf3 30. Rfe1 Qf4 31. Re4 Qg5 32. Re8+ Kf7 33. Qe4 Qf6 34. Re7+ Kf8 35. Re8+ Kf7 36. Re7+ Kf8 37. Qe2 Rf2 38. Re8+ Kf7 39. Re7+ Kf8 40. Re8+ Kf7 41. Re7+ Kf8 42. Re8+ 1/2-1/2

[Event "Moscow-ch final (Women)"]
[Site "Moscow"]
[Date "2019.04.06"]
[Round "8"]
[White "Gvanceladze, Anna"]
[Black "Korchagina, Alena"]
[Result "1/2-1/2"]
[WhiteElo "2264"]
[BlackElo "2167"]
[PlyCount "140"]
[EventDate "2019.03.30"]
[EventType "swiss"]
[EventRounds "9"]
[EventCountry "RUS"]
[SourceTitle "CBM 189 Extra"]
[Source "ChessBase"]
[SourceDate "2019.06.03"]
[SourceVersion "1"]
[SourceVersionDate "2019.06.03"]
[SourceQuality "1"]

1. e4 c5 2. Nf3 e6 3. g3 Nc6 4. Bg2 Nf6 5. Nc3 d6 6. d4 cxd4 7. Nxd4 Be7 8. Nxc6 bxc6 9. e5 Nd5 10. exd6 Qxd6 11. Ne4 Qc7 12. c4 Nf6 13. Nxf6+ Bxf6 14. 0-0 0-0 15. Qf3 Bd7 16. Rb1 a5 17. b3 Ra6 18. h4 c5 19. Bf4 e5 20. Be3 Bc6 21. Qh5 Bxg2 22. Kxg2 a4 23. Rfd1 axb3 24. axb3 Rd8 25. Rxd8+ Bxd8 26. Rd1 g6 27. Qf3 Be7 28. Rd5 f5 29. h5 Rb6 30. Qd1 Rd6 31. Kf1 Qd7 32. hxg6 hxg6 33. Ke2 f4 34. Rxd6 Qxd6 35. Qxd6 Bxd6 36. Bd2 Kf7 37. Kf3 fxg3 38. Kxg3 Ke6 39. Kg4 Be7 40. Be3 Bd6 41. Kg5 Kf7 42. Bd2 Be7+ 43. Kg4 Ke6 44. Ba5 Bf6 45. Bb6 Be7 46. Bc7 Bf6 47. Bb8 Be7 48. Ba7 Bd6 49. Bb6 Be7 50. Ba5 Bf6 51. b4 cxb4 52. Bxb4 Bd8 53. Bc5 Bf6 54. Bb6 Be7 55. Kf3 Kf5 56. c5 e4+ 57. Ke2 Bg5 58. c6 Ke6 59. Be3 Bd8 60. Bf4 Bb6 61. Bg3 Bc5 62. Bf4 Bb6 63. Kf1 g5 64. Bg3 e3 65. f3 Kf5 66. c7 Bxc7 67. Bxc7 g4 68. f4 g3 69. Bd6 Ke4 70. Bc7 Kf5 1/2-1/2

[Event "Moscow-ch final (Women)"]
[Site "Moscow"]
[Date "2019.04.02"]
[Round "4"]
[White "Zaitseva, Lyudmila"]
[Black "Korchagina, Alena"]
[Result "1-0"]
[WhiteElo "1926"]
[BlackElo "2167"]
[PlyCount "127"]
[EventDate "2019.03.30"]
[EventType "swiss"]
[EventRounds "9"]
[EventCountry "RUS"]
[SourceTitle "CBM 189 Extra"]
[Source "ChessBase"]
[SourceDate "2019.06.03"]
[SourceVersion "1"]
[SourceVersionDate "2019.06.03"]
[SourceQuality "1"]

1. Nf3 g6 2. g3 Bg7 3. Bg2 e5 4. d3 Nc6 5. 0-0 d6 6. c4 f5 7. Nc3 Nf6 8. Rb1 a5 9. a3 0-0 10. b4 axb4 11. axb4 h6 12. Ne1 Ne7 13. f4 exf4 14. gxf4 Ng4 15. d4 c5 16. e3 Nc6 17. Nc2 Be6 18. Qd3 cxb4 19. Nxb4 Na5 20. Nbd5 Kh7 21. Nb6 Ra6 22. Ncd5 Nf6 23. Bd2 Ne4 24. Be1 Nc6 25. Rb3 Re8 26. Qb1 Na5 27. Rb5 Bxd5 28. cxd5 Rxb6 29. Rxb6 Nc4 30. Rxb7 Ned2 31. Qa2 Nxf1 32. Qa7 Rg8 33. Bxf1 Nxe3 34. Bb5 Kh8 35. Rf7 Qb8 36. Rxg7 Qxa7 37. Rxa7 g5 38. fxg5 Rxg5+ 39. Kf2 Nxd5 40. Bc4 Nf6 41. Kf3 Rg4 42. Be6 Rxd4 43. Bxf5 Nd5 44. Be4 Rd1 45. Bf2 Nf6 46. Bf5 Rd5 47. Bc2 Rd2 48. Bb1 h5 49. h4 Kg8 50. Be3 Rd1 51. Bg6 Ng4 52. Bg5 Rf1+ 53. Ke2 Rf2+ 54. Ke1 Rb2 55. Bxh5 Ne5 56. Kd1 Rh2 57. Ra8+ Kg7 58. Rd8 Nc4 59. Rd7+ Kf8 60. Bh6+ Kg8 61. Bg6 Rh1+ 62. Kc2 Rh2+ 63. Kc3 Rh3+ 64. Kb4 1-0

[Event "Moscow-ch final (Women)"]
[Site "Moscow"]
[Date "2019.03.31"]
[Round "2"]
[White "Zakharova, Evgenia"]
[Black "Korchagina, Alena"]
[Result "1/2-1/2"]
[WhiteElo "1892"]
[BlackElo "2167"]
[PlyCount "69"]
[EventDate "2019.03.30"]
[EventType "swiss"]
[EventRounds "9"]
[EventCountry "RUS"]
[SourceTitle "CBM 189 Extra"]
[Source "ChessBase"]
[SourceDate "2019.06.03"]
[SourceVersion "1"]
[SourceVersionDate "2019.06.03"]
[SourceQuality "1"]

1. c4 g6 2. Nc3 Bg7 3. d4 d6 4. e4 c5 5. d5 Nf6 6. Be2 b5 7. cxb5 a6 8. a4 0-0 9. Be3 axb5 10. Bxb5 Qa5 11. f3 Ba6 12. Kf2 Bxb5 13. Nxb5 Nfd7 14. Bd2 Qb6 15. Bc3 c4+ 16. Nd4 Ne5 17. Nge2 Nd3+ 18. Kg3 Nd7 19. Rf1 N7c5 20. Nc6 Bxc3 21. Nxe7+ Kg7 22. bxc3 Qd8 23. Nc6 Qg5+ 24. Kh3 f5 25. g3 fxe4 26. f4 Qxd5 27. Ned4 Ra6 28. Nb4 Nxb4 29. cxb4 Nd3 30. Nc2 Qe6+ 31. Kg2 d5 32. Qe2 Qf6 33. b5 Raa8 34. Ne3 c3 35. Nc2 1/2-1/2

[Event "Moscow-ch final (Women)"]
[Site "Moscow"]
[Date "2019.03.30"]
[Round "1"]
[White "Korchagina, Alena"]
[Black "Kruglikova, Viktorija"]
[Result "1-0"]
[WhiteElo "2167"]
[BlackElo "1786"]
[PlyCount "127"]
[EventDate "2019.03.30"]
[EventType "swiss"]
[EventRounds "9"]
[EventCountry "RUS"]
[SourceTitle "CBM 189 Extra"]
[Source "ChessBase"]
[SourceDate "2019.06.03"]
[SourceVersion "1"]
[SourceVersionDate "2019.06.03"]
[SourceQuality "1"]

1. Nf3 Nf6 2. c4 e6 3. Nc3 b6 4. g3 Bb7 5. Bg2 Be7 6. 0-0 0-0 7. Re1 d5 8. d4 dxc4 9. Qa4 c5 10. Rd1 Qe8 11. Qxc4 cxd4 12. Nxd4 Bxg2 13. Kxg2 Qc8 14. Qa4 Qb7+ 15. f3 Na6 16. Qc6 Qxc6 17. Nxc6 Bc5 18. Na4 Nb4 19. Nxb4 Bxb4 20. Bg5 Rfc8 21. Bxf6 gxf6 22. Rd4 Be7 23. Nc3 f5 24. Rd3 Bf6 25. a4 Rc4 26. a5 Bxc3 27. bxc3 b5 28. a6 Kf8 29. Ra5 Rc5 30. Rd7 Ke8 31. Rb7 Rxc3 32. Raxb5 Rc6 33. Ra5 Kf8 34. Kf2 Kg7 35. g4 f4 36. h4 h6 37. Rb4 Rb6 38. Rxf4 Rc8 39. Rfa4 Rc3 40. Ra3 Rc2 41. Ra2 Rc3 42. R5a3 Rcb3 43. Kg3 Kg6 44. Ra4 Rc3 45. h5+ Kg5 46. Rd2 Rc7 47. Rd8 Kf6 48. Ra8 Rb2 49. e3 Rb3 50. Rg8 Rxe3 51. Rf4+ Ke7 52. Rg7 Kf8 53. Rh7 Ra3 54. Rxh6 Kg7 55. Rhf6 Rxa6 56. h6+ Kg8 57. Rd4 Rb6 58. g5 a5 59. Rd8+ Kh7 60. Ra8 Rb5 61. Kg4 Rb4+ 62. Kh5 Rb5 63. Rf8 Rbb7 64. R6xf7+ 1-0

[Event "RUS-ch U20 Girls"]
[Site "Loo"]
[Date "2018.04.28"]
[Round "9"]
[White "Potapova, Margarita"]
[Black "Korchagina, Alena"]
[Result "1/2-1/2"]
[WhiteElo "2223"]
[BlackElo "2191"]
[PlyCount "93"]
[EventDate "2018.04.20"]
[EventType "tourn"]
[EventRounds "9"]
[EventCountry "RUS"]
[SourceTitle "CBM 184 Extra"]
[Source "ChessBase"]
[SourceDate "2018.06.28"]
[SourceVersion "1"]
[SourceVersionDate "2018.06.28"]
[SourceQuality "1"]

1. e4 c5 2. Nf3 e6 3. d4 cxd4 4. Nxd4 a6 5. c4 Nf6 6. Nc3 Qc7 7. Be3 Bb4 8. Qb3 Bxc3+ 9. Qxc3 Nxe4 10. Nb5 axb5 11. Qxg7 Rf8 12. Bh6 Qc5 13. f3 Qb4+ 14. Ke2 Qxc4+ 15. Kd1 Qb4 16. fxe4 Qd6+ 17. Ke1 Nc6 18. Qxf8+ Qxf8 19. Bxf8 Kxf8 20. Bxb5 Nd4 21. Bd3 b6 22. Kd2 Bb7 23. Ke3 e5 24. Rhf1 Ke7 25. Rac1 f6 26. a3 Ne6 27. Rfd1 Bc6 28. Rc3 Rg8 29. g3 Rg4 30. Rdc1 Nd4 31. Rc4 h5 32. Re1 h4 33. Rxd4 exd4+ 34. Kf3 f5 35. gxh4 Rxh4 36. Kg3 Rg4+ 37. Kf3 Kf6 38. h3 Rg8 39. Kf4 fxe4 40. Bxe4 Rh8 41. Bf5 Rh5 42. Bg4 Rd5 43. Rd1 d3 44. Rd2 Bb5 45. b3 Rd4+ 46. Ke3 Ke5 47. Bf5 1/2-1/2

[Event "RUS-ch U20 Girls"]
[Site "Loo"]
[Date "2018.04.27"]
[Round "8"]
[White "Korchagina, Alena"]
[Black "Protopopova, Anastasiya"]
[Result "1-0"]
[WhiteElo "2191"]
[BlackElo "2233"]
[PlyCount "87"]
[EventDate "2018.04.20"]
[EventType "tourn"]
[EventRounds "9"]
[EventCountry "RUS"]
[SourceTitle "CBM 184 Extra"]
[Source "ChessBase"]
[SourceDate "2018.06.28"]
[SourceVersion "1"]
[SourceVersionDate "2018.06.28"]
[SourceQuality "1"]

1. d4 Nf6 2. Nf3 b6 3. Bf4 Bb7 4. e3 g6 5. h3 Bg7 6. Bd3 0-0 7. 0-0 d6 8. c4 Nbd7 9. Nc3 Re8 10. d5 e5 11. dxe6 Rxe6 12. Rc1 Nc5 13. Be2 a5 14. b3 Nfe4 15. Nxe4 Nxe4 16. Nd4 Re8 17. Bf3 Qe7 18. Qc2 Rab8 19. Rfd1 Qh4 20. Nb5 Rbc8 21. a3 f5 22. b4 axb4 23. axb4 g5 24. Bg3 Qh6 25. Bxe4 Bxe4 26. Qd2 Rf8 27. Nc3 Bxc3 28. Rxc3 f4 29. exf4 gxf4 30. f3 Bb7 31. c5 d5 32. Bf2 bxc5 33. bxc5 Rf7 34. Bd4 Bc6 35. Ra3 Qg5 36. Ba1 h6 37. Qd3 d4 38. Qxd4 Kh7 39. Qc4 Rf5 40. Qe6 Rg8 41. g4 Qg6 42. Qxg6+ Rxg6 43. Rd8 Rff6 44. Ra7 1-0

[Event "RUS-ch U20 Girls"]
[Site "Loo"]
[Date "2018.04.25"]
[Round "6"]
[White "Korchagina, Alena"]
[Black "Maltsevskaya, Aleksandra"]
[Result "0-1"]
[WhiteElo "2191"]
[BlackElo "2237"]
[PlyCount "54"]
[EventDate "2018.04.20"]
[EventType "tourn"]
[EventRounds "9"]
[EventCountry "RUS"]
[SourceTitle "CBM 184 Extra"]
[Source "ChessBase"]
[SourceDate "2018.06.28"]
[SourceVersion "1"]
[SourceVersionDate "2018.06.28"]
[SourceQuality "1"]

1. Nf3 Nf6 2. c4 g6 3. b4 b6 4. Bb2 Bb7 5. e3 Bg7 6. Be2 0-0 7. 0-0 c5 8. a3 d6 9. Qb3 Nbd7 10. d4 Ne4 11. bxc5 dxc5 12. d5 Bxb2 13. Qxb2 e6 14. dxe6 fxe6 15. Nbd2 Qe7 16. a4 Rad8 17. Nxe4 Bxe4 18. Rfd1 e5 19. Nd2 Bc6 20. Nb1 Bxg2 21. Kxg2 Qg5+ 22. Kf1 Qh4 23. f3 Qxh2 24. Qc3 Nf6 25. Bd3 Ne4 26. Qc2 Rxf3+ 27. Ke1 Qg1+ 0-1

[Event "RUS-ch U20 Girls"]
[Site "Loo"]
[Date "2018.04.23"]
[Round "4"]
[White "Goltseva, Ekaterina"]
[Black "Korchagina, Alena"]
[Result "1/2-1/2"]
[WhiteElo "2192"]
[BlackElo "2191"]
[PlyCount "98"]
[EventDate "2018.04.20"]
[EventType "tourn"]
[EventRounds "9"]
[EventCountry "RUS"]
[SourceTitle "CBM 184 Extra"]
[Source "ChessBase"]
[SourceDate "2018.06.28"]
[SourceVersion "1"]
[SourceVersionDate "2018.06.28"]
[SourceQuality "1"]

1. d4 g6 2. c4 Bg7 3. e4 d6 4. Nc3 Nc6 5. Be3 e5 6. d5 Nce7 7. g4 f5 8. gxf5 gxf5 9. Qh5+ Ng6 10. exf5 Qh4 11. Qf3 N6e7 12. Nb5 Kd8 13. Nh3 Bxf5 14. Ng5 Nh6 15. Qg3 Qxg3 16. hxg3 a6 17. Nc3 Ke8 18. Bh3 Ng4 19. Bxg4 Bxg4 20. Rxh7 Rxh7 21. Nxh7 Nf5 22. Ng5 Nxe3 23. fxe3 Ke7 24. Kd2 Rh8 25. Rf1 Rh2+ 26. Kd3 Bh5 27. Ne6 Bg6+ 28. Ne4 Bh6 29. g4 Rg2 30. Rh1 Rxg4 31. Rxh6 Bxe4+ 32. Kc3 Rg3 33. Nxc7 Rxe3+ 34. Kd2 Rd3+ 35. Ke2 Rg3 36. b3 Bf5 37. Rh8 Rg2+ 38. Ke3 Rxa2 39. Rb8 Kd7 40. Ne6 Bxe6 41. Rxb7+ Ke8 42. dxe6 Rh2 43. Rd7 Rh3+ 44. Ke4 Rh4+ 45. Kd3 Rd4+ 46. Ke3 a5 47. Ke2 Re4+ 48. Kd3 Rd4+ 49. Ke3 Kf8 1/2-1/2